| 000 | 00961nas a2200301 4500 | ||
|---|---|---|---|
| 001 | BR2015003503 | ||
| 003 | BR-BrBNA | ||
| 005 | 20231205125418.0 | ||
| 007 | ta | ||
| 008 | 230509b bl.|||p| |||| 00| 00por d | ||
| 040 |
_aBR-BrBNA _bpor _cBiblioteca Nacional de Agricultura |
||
| 041 | _a(Pt) | ||
| 072 | _aE16 | ||
| 100 | 1 | _aMarques, J.R.B. | |
| 100 | 1 | _aMandarino, E.P. | |
| 100 | 1 | _aMonteiro, W.R. | |
| 245 | 1 | _aSistema agroflorestal como alternativa sustentável de produção de cacau, borracha, madeira e alimentos para agricultura familiar na região cacaueira da Bahia | |
| 650 | _aBORRACHA | ||
| 650 | _aCACAU | ||
| 650 | _aMADEIRA | ||
| 650 | _aPRODUÇÃO | ||
| 650 | _aANÁLISE ECONÔMICA | ||
| 650 | _aCUSTO | ||
| 773 | 0 |
_tAgrotrópica (Brazil) _xISSN 0103-3816 _g(May-Aug 2014), v. 26(2) p. 117-126 _wBR2015003503 |
|
| 856 | 4 | 0 | _dLink DSPACE/MAPA BR2015003503 |
| 909 |
_a202311 _bLúcia _c55 _dLúcia Elande |
||
| 942 |
_2AGRIS _n0 _cANA |
||
| 999 |
_c244244 _d244244 |
||